Identificación de paquetes tecnológicos para el cultivo de caña de azúcar en las regiones cañeras de México / (Record no. 112438)
[ view plain ]
| 000 -CABECERA | |
|---|---|
| campo de control de longitud fija | 01008nam a2200289 a 4500 |
| 001 - NÚMERO DE CONTROL | |
| campo de control | 000115977 |
| 003 - IDENTIFICADOR DEL NÚMERO DE CONTROL | |
| campo de control | CHAP |
| 005 - FECHA Y HORA DE LA ÚLTIMA TRANSACCIÓN | |
| campo de control | 20220329144556.0 |
| 008 - DATOS DE LONGITUD FIJA--INFORMACIÓN GENERAL | |
| campo de control de longitud fija | 190823s2016 mx a |r| ||||||spa d |
| 010 ## - NÚMERO DE CONTROL DE LA BIBLIOTECA DEL CONGRESO | |
| Número de control de LC | 112438 |
| 011 ## - ENLACE DEL NUMERO DE CONTROL DE LA BIBLIOTECA DEL CONGRESO [OBSOLETO] | |
| Número de control de LC | 113410 |
| 040 ## - FUENTE DE LA CATALOGACIÓN | |
| Centro/agencia transcriptor | CHAP |
| 082 04 - NÚMERO DE LA CLASIFICACIÓN DECIMAL DEWEY | |
| Número de clasificación | 633.61 |
| Número de documento/Ítem | I19 |
| 245 00 - MENCIÓN DE TÍTULO | |
| Título | Identificación de paquetes tecnológicos para el cultivo de caña de azúcar en las regiones cañeras de México / |
| Mención de responsabilidad, etc. | por CONADESUCA y UACH. |
| 260 ## - PUBLICACIÓN, DISTRIBUCIÓN, ETC. | |
| Lugar de publicación, distribución, etc. | México : |
| Nombre del editor, distribuidor, etc. | SAGARPA, |
| Fecha de publicación, distribución, etc. | [2016]. |
| 300 ## - DESCRIPCIÓN FÍSICA | |
| Extensión | 66 p. : |
| Otras características físicas | il. |
| 590 ## - NOTA LOCAL (RLIN) | |
| Nota local | BATCH-UPD |
| Procedencia (VM) [OBSOLETO] | 05 |
| Condición del los carretes individuales (VM) [OBSOLETO] | 20190823 |
| -- | UCH01 |
| -- | 1424 |
| 590 ## - NOTA LOCAL (RLIN) | |
| Nota local | E5765TAJ |
| Procedencia (VM) [OBSOLETO] | 05 |
| Condición del los carretes individuales (VM) [OBSOLETO] | 20190823 |
| -- | UCH01 |
| -- | 1300 |
| 590 ## - NOTA LOCAL (RLIN) | |
| Nota local | E5765TAJ |
| Procedencia (VM) [OBSOLETO] | 05 |
| Condición del los carretes individuales (VM) [OBSOLETO] | 20190823 |
| -- | UCH01 |
| -- | 1423 |
| 650 14 - PUNTO DE ACCESO ADICIONAL DE MATERIA--TÉRMINO DE MATERIA | |
| Término de materia o nombre geográfico como elemento de entrada | Caña de azúcar |
| Subdivisión general | Aspectos económicos. |
| 9 (RLIN) | 18577 |
| 650 14 - PUNTO DE ACCESO ADICIONAL DE MATERIA--TÉRMINO DE MATERIA | |
| Término de materia o nombre geográfico como elemento de entrada | Caña de azúcar |
| Subdivisión general | Cultivo. |
| 9 (RLIN) | 136648 |
| 650 14 - PUNTO DE ACCESO ADICIONAL DE MATERIA--TÉRMINO DE MATERIA | |
| Término de materia o nombre geográfico como elemento de entrada | Caña de azúcar |
| Subdivisión general | Innovaciones tecnológicas. |
| 9 (RLIN) | 136649 |
| 710 1# - PUNTO DE ACCESO ADICIONAL--NOMBRE DE ENTIDAD CORPORATIVA | |
| Nombre de entidad corporativa o nombre de jurisdicción como elemento de entrada | Comité Nacional para el Desarrollo Sustentable de la Caña de Azúcar. México. |
| 9 (RLIN) | 136681 |
| 901 ## - ELEMENTOS DE DATOS A LOCAL LDA (RLIN) | |
| a | BK |
| 942 ## - ELEMENTOS DE PUNTO DE ACCESO ADICIONAL (KOHA) | |
| Tipo de ítem Koha | Libro |
| 942 ## - ELEMENTOS DE PUNTO DE ACCESO ADICIONAL (KOHA) | |
| Suprimir en OPAC | 0 |
| Estado de retiro | Estado de pérdida | Fuente del sistema de clasificación o colocación | Estado dañado | Restricciones de uso | No para préstamo | Código de colección | Localización permanente | Ubicación/localización actual | Ubicación en estantería | Fecha de adquisición | Total de préstamos | Signatura topográfica completa | Código de barras | Fecha visto por última vez | Fecha del último préstamo | Número de copia | Precio válido a partir de | Tipo de ítem Koha |
|---|---|---|---|---|---|---|---|---|---|---|---|---|---|---|---|---|---|---|
| Dewey Decimal Classification | Préstamo 15 días | General | Biblioteca Central | Biblioteca Central | Planta principal - Colección General | 23/08/2019 | 2 | 633.61 I19 | 33724002558545 | 03/04/2024 | 15/03/2024 | c.2 | 31/12/2019 | Libro | ||||
| Dewey Decimal Classification | Préstamo interno | Publicaciones UACh | Biblioteca Central | Biblioteca Central | Planta alta - Área de Tesis - UACh | 23/08/2019 | 633.61 I19 | 33724002558587 | 31/12/2019 | 23/08/2019 | Libro |
